000 00510nam a2200157Ia 4500
008 210716s2008 xx 000 0 und d
020 _a9780070532366
041 _aeng
082 _a004.22 GOVB
100 _aGovindarajalu, B.
245 _aComputer architecture and organization: design principles and applications.
_bDesign principles and applications.
250 _a1
260 _aNew Delhi
_bTata McGraw Hill Publishing Company Ltd
_c2008
300 _axx,698
650 _aComputer Arch., Org.(004.22)
999 _c190883
_d190883